| 000 | 00918nam a2200313 a 4500 | ||
|---|---|---|---|
| 003 | AR-BaBNM | ||
| 005 | 20251128204238.0 | ||
| 008 | 082120s2002 ||||||||||||||000 | spa|| | ||
| 020 | _a950-755-109-3 | ||
| 040 | _cAR-BaBNM | ||
| 100 | 1 | _aPérez Alvarez, Sergio | |
| 245 | 0 | 0 | _aPlanificación participativa y coevaluación integradas en educación |
| 260 |
_aBuenos Aires _bBraga _c1993 |
||
| 300 |
_a160 p. _btablas |
||
| 490 | 0 |
_aDidáctica operativa _vv. 28 |
|
| 650 | 4 | _aPLANIFICACION ESCOLAR | |
| 650 | 4 | _aOBJETIVOS EDUCACIONALES | |
| 650 | 4 | _aEVALUACION DEL ALUMNO | |
| 650 | 4 | _aROL DEL DOCENTE | |
| 650 | 4 | _aEVALUACION ACUMULATIVA | |
| 650 | 4 | _aCRITERIOS DE EVALUACION | |
| 650 | 4 | _aEVALUACION OPERACIONAL | |
| 650 | 4 | _aPLANES DE CLASE | |
| 650 | 4 | _aPROCESO DE INTERACCION | |
| 650 | 4 | _aNIVELES DE EDUCACION | |
| 800 | 1 |
_aPérez Alvarez, Sergio _edirector |
|
| 942 | _cBK | ||
| 998 | _cCarmen | ||
| 999 |
_c6690 _d6690 |
||